NBA Team Blocks Leaders - Statistics

General Stats
  • This quiz has been taken 222 times
    148 since last reset
  • The average score is 20 of 30
Answer Stats
Blocks Team Player % Correct
3,740 Rockets Hakeem Olajuwon
97%
3,020 Spurs Tim Duncan
96%
2,694 Lakers Kareem Abdul-Jabbar
95%
1,486 Nuggets Dikembe Mutombo
92%
986 Bucks Giannis Antetokounmpo
92%
2,758 Knicks Patrick Ewing
92%
1,590 Timberwolves Kevin Garnett
87%
1,344 Magic Dwight Howard
83%
1,281 Mavericks Dirk Nowitzki
81%
3,064 Jazz Mark Eaton
81%
1,268 Pacers Myles Turner
81%
1,625 Heat Alonzo Mourning
80%
684 Hornets Alonzo Mourning
80%
1,135 Grizzlies Marc Gasol
79%
1,486 Pistons Ben Wallace
76%
1,121 Pelicans Anthony Davis
75%
1,277 Clippers DeAndre Jordan
70%
1,703 Celtics Robert Parish
70%
1,300 Thunder Serge Ibaka
65%
972 Nets Brook Lopez
64%
1,558 Wizards/Bullets Elvin Hayes
61%
1,269 Cavaliers Zydrunas Ilgauskas
57%
1,029 Bulls Artis Gilmore
53%
600 Raptors Chris Bosh
53%
2,283 Hawks Tree Rollins
36%
1,293 76ers Julius Erving
35%
940 Suns Larry Nance
20%
768 Trail Blazers Mychal Thompson
17%
1,098 Kings Sam Lacey
9%
1,140 Warriors Adonal Foyle
8%
No matching quizzes found
Score Distribution
Percent of People with Each Score
Percentile by Number Answered
Your Score History
You have not taken this quiz since the last reset